[Event "TUN-ch sf"]
[Site "Monastir"]
[Date "2024.03.25"]
[Round "8"]
[White "Smida, Tahar"]
[Black "Jaballah, Moncef"]
[Result "0-1"]
[WhiteElo "1807"]
[BlackElo "1991"]
[PlyCount "114"]
[EventDate "2024.03.21"]
[EventType "swiss"]
[EventRounds "9"]
[EventCountry "TUN"]
[SourceTitle "CB15_2024"]
[SourceDate "2024.04.10"]
[SourceVersion "1"]
[SourceVersionDate "2024.04.10"]
[SourceQuality "1"]

1. e4 c6 2. d4 d6 3. Nf3 Nf6 4. Bd3 Nbd7 5. 0-0 e5 6. c3 Be7 7. Nbd2 0-0 8. Re1 Re8 9. Nf1 Qc7 10. Ng3 Nf8 11. h3 Ng6 12. Be3 h6 13. Qd2 Bf8 14. Rad1 a5 15. Bb1 a4 16. Kh2 Be6 17. Ng1 Red8 18. N1e2 Bc4 19. f4 Bxe2 20. Nxe2 Re8 21. f5 Ne7 22. Ng3 Nc8 23. Qe2 Nb6 24. Nh5 Nbd7 25. Ng3 d5 26. dxe5 Nxe5 27. Kh1 Neg4 28. hxg4 Qxg3 29. Bf2 Qxg4 30. e5 Qxe2 31. Rxe2 Ng4 32. Bg3 Bc5 33. e6 f6 34. Rde1 Kf8 35. Bf4 Ke7 36. Bd3 Nf2+ 37. Rxf2 Bxf2 38. Re2 Bc5 39. g4 Red8 40. Kg2 b5 41. Kh3 Ra7 42. Kh4 Rb7 43. a3 Bd6 44. Be3 c5 45. Kh5 b4 46. axb4 cxb4 47. cxb4 Rxb4 48. Rc2 Rb3 49. Rc3 Rxc3 50. bxc3 a3 51. Bb1 Rb8 52. Ba2 Rb2 53. Bxd5 a2 54. Bxa2 Rxa2 55. Kg6 Rg2 56. Kxg7 Rxg4+ 57. Kxh6 Bf4+ 0-1

[Event "TUN-ch sf"]
[Site "Monastir"]
[Date "2024.03.23"]
[Round "5"]
[White "Jaballah, Moncef"]
[Black "Ben Salha, Ahmed"]
[Result "1-0"]
[WhiteElo "1991"]
[BlackElo "1473"]
[PlyCount "153"]
[EventDate "2024.03.21"]
[EventType "swiss"]
[EventRounds "9"]
[EventCountry "TUN"]
[SourceTitle "CB15_2024"]
[SourceDate "2024.04.10"]
[SourceVersion "1"]
[SourceVersionDate "2024.04.10"]
[SourceQuality "1"]

1. d4 Nf6 2. Nf3 e6 3. g3 d5 4. Bg2 Bb4+ 5. c3 Be7 6. 0-0 0-0 7. c4 c6 8. Nbd2 Ne4 9. Qc2 f5 10. Ne5 Nd7 11. Ndf3 Bf6 12. Bf4 g5 13. Nxd7 Bxd7 14. Be5 g4 15. Bxf6 Qxf6 16. Ne5 Be8 17. cxd5 exd5 18. e3 Rd8 19. Rad1 h5 20. Nd3 h4 21. Nf4 hxg3 22. fxg3 Rd7 23. Bxe4 dxe4 24. Qc5 b6 25. Qe5 Re7 26. Qxf6 Rxf6 27. Ng2 Bf7 28. b3 Rd7 29. Nh4 Rd5 30. Rc1 Ra5 31. Rc2 Be8 32. Kf2 Bd7 33. Ke1 Rd5 34. Ng2 Rdd6 35. Rff2 a5 36. Nf4 Rh6 37. Rfd2 Be6 38. Kd1 Bd5 39. Kc1 Kf7 40. Kb2 Rd7 41. Rf2 Ke8 42. Ka3 Rf6 43. Rc1 Rdd6 44. Rcf1 Rf7 45. Rc1 Kd7 46. Rfc2 Rff6 47. Ng2 Bf7 48. Nf4 Bd5 49. b4 axb4+ 50. Kxb4 Bg8 51. a4 Rf8 52. Rf2 Bd5 53. Ne2 Ke6 54. Rcf1 Rf7 55. Nc3 Rdd7 56. Rc1 Rd6 57. Ne2 Kd7 58. Rcf1 Rdf6 59. Nc3 Kd6 60. Rc1 Rf8 61. Rfc2 Rc8 62. Ne2 Rf7 63. Ka3 Ra7 64. Nc3 Rf7 65. Rb2 Rb8 66. Rbc2 Rc8 67. Rb1 Rb7 68. Rf2 Rf8 69. Rbf1 Rbf7 70. Kb4 c5+ 71. dxc5+ bxc5+ 72. Ka3 Ke5 73. Rd2 Bc4 74. Rb1 Bd3 75. Rb6 Ra7 76. Rc6 c4 77. Rb2 1-0

[Event "Bouhjar BICA Rapid op 02nd"]
[Site "Bouhjar"]
[Date "2022.11.20"]
[Round "7"]
[White "Jaballah, Moncef"]
[Black "Ktita, Dhafer"]
[Result "1/2-1/2"]
[WhiteElo "2016"]
[BlackElo "1906"]
[PlyCount "52"]
[EventDate "2022.11.20"]
[EventType "swiss (rapid)"]
[EventRounds "9"]
[EventCountry "TUN"]
[SourceTitle "CBM 211 Extra"]
[Source "ChessBase"]
[SourceDate "2023.01.31"]
[SourceVersion "1"]
[SourceVersionDate "2023.01.31"]
[SourceQuality "1"]

1. d4 Nf6 2. Nf3 e6 3. g3 b6 4. Bg2 Bb7 5. 0-0 Be7 6. c4 0-0 7. d5 exd5 8. Nh4 Re8 9. Nf5 Bf8 10. Nc3 Na6 11. Bg5 h6 12. Bxf6 Qxf6 13. Ne3 c6 14. cxd5 Bc5 15. Nc4 Rac8 16. a3 cxd5 17. Nxd5 Bxd5 18. Bxd5 b5 19. Nd2 Nb8 20. e4 Bd4 21. Qb3 Bxb2 22. Rad1 Rc3 23. Qxb5 Bxa3 24. Nc4 Nc6 25. Qa4 Bf8 26. Bxc6 dxc6 1/2-1/2

[Event "Hammam Sousse Sahel Festival Blitz"]
[Site "Hammam Sousse"]
[Date "2019.04.21"]
[Round "7.7"]
[White "Gahfer, Khaled"]
[Black "Jaballah, Moncef"]
[Result "0-1"]
[WhiteElo "1803"]
[BlackElo "1952"]
[PlyCount "65"]
[EventDate "2019.04.21"]
[EventType "swiss (blitz)"]
[EventRounds "7"]
[EventCountry "TUN"]
[SourceTitle "EXT 2024"]
[Source "ChessBase"]
[SourceDate "2023.10.10"]
[SourceVersion "1"]
[SourceVersionDate "2023.10.10"]
[SourceQuality "1"]

1. f4 d6 2. Nf3 g6 3. d4 Bg7 4. e3 e6 5. Bd3 Ne7 6. 0-0 Nd7 7. c4 b6 8. Nbd2 Bb7 9. Qe1 c5 10. Be4 Qc8 11. Bxb7 Qxb7 12. b3 0-0 13. Bb2 Nf5 14. g4 Ne7 15. Qh4 Bf6 16. Ng5 h5 17. gxh5 Nf5 18. Qh3 Kg7 19. h6+ Nxh6 20. e4 Rh8 21. Qg3 Bxd4+ 22. Bxd4+ cxd4 23. f5 exf5 24. exf5 Ne5 25. f6+ Kg8 26. Rae1 Qd7 27. Nde4 Nhg4 28. h3 Ne3 29. Rxe3 dxe3 30. Qxe3 d5 31. Rd1 Qf5 32. Rxd5 Rh4 33. Rxe5 0-1